<?xml version="1.0" encoding="UTF-8"?>
<record
    xmlns:xsi="http://www.w3.org/2001/XMLSchema-instance"
    xsi:schemaLocation="http://www.loc.gov/MARC21/slim http://www.loc.gov/standards/marcxml/schema/MARC21slim.xsd"
    xmlns="http://www.loc.gov/MARC21/slim">

  <leader>00566nam a22002057a 4500</leader>
  <controlfield tag="003">OSt</controlfield>
  <controlfield tag="005">20140310181738.0</controlfield>
  <controlfield tag="008">130322t        xxu||||| |||| 00| 0 eng d</controlfield>
  <datafield tag="020" ind1=" " ind2=" ">
    <subfield code="a">0803930798</subfield>
  </datafield>
  <datafield tag="050" ind1=" " ind2=" ">
    <subfield code="a">BF 637</subfield>
    <subfield code="b">.H572 1988</subfield>
  </datafield>
  <datafield tag="082" ind1=" " ind2=" ">
    <subfield code="a">BF637</subfield>
    <subfield code="b">.B4P66 VOL.22 1988</subfield>
  </datafield>
  <datafield tag="245" ind1=" " ind2=" ">
    <subfield code="a">Progress in behavior modification /</subfield>
    <subfield code="c">edited by Michael Hersen, Richard Eisler, Peter Miller.</subfield>
  </datafield>
  <datafield tag="260" ind1=" " ind2=" ">
    <subfield code="a">New York</subfield>
    <subfield code="b">Academic Press</subfield>
    <subfield code="c">c1988</subfield>
  </datafield>
  <datafield tag="300" ind1=" " ind2=" ">
    <subfield code="a">286 p. ;</subfield>
    <subfield code="c">24 cm.</subfield>
  </datafield>
  <datafield tag="521" ind1=" " ind2=" ">
    <subfield code="a">Faculty</subfield>
  </datafield>
  <datafield tag="541" ind1=" " ind2=" ">
    <subfield code="j">1</subfield>
  </datafield>
  <datafield tag="541" ind1=" " ind2=" ">
    <subfield code="j">1</subfield>
  </datafield>
  <datafield tag="562" ind1=" " ind2=" ">
    <subfield code="e">2</subfield>
  </datafield>
  <datafield tag="942" ind1=" " ind2=" ">
    <subfield code="2">lcc</subfield>
    <subfield code="c">BK-TR</subfield>
    <subfield code="k">TR</subfield>
  </datafield>
  <datafield tag="999" ind1=" " ind2=" ">
    <subfield code="c">2676</subfield>
    <subfield code="d">2676</subfield>
  </datafield>
  <datafield tag="952" ind1=" " ind2=" ">
    <subfield code="0">0</subfield>
    <subfield code="1">0</subfield>
    <subfield code="2">lcc</subfield>
    <subfield code="4">0</subfield>
    <subfield code="a">LUX</subfield>
    <subfield code="b">LUX</subfield>
    <subfield code="c">TR</subfield>
    <subfield code="d">2013-03-22</subfield>
    <subfield code="l">0</subfield>
    <subfield code="o">BF 637 .H572 1988 vol.22</subfield>
    <subfield code="p">0445</subfield>
    <subfield code="r">2015-05-25 00:00:00</subfield>
    <subfield code="t">1</subfield>
    <subfield code="w">2013-10-03</subfield>
    <subfield code="y">BK</subfield>
  </datafield>
  <datafield tag="952" ind1=" " ind2=" ">
    <subfield code="0">0</subfield>
    <subfield code="1">0</subfield>
    <subfield code="2">lcc</subfield>
    <subfield code="4">0</subfield>
    <subfield code="a">LUX</subfield>
    <subfield code="b">LUX</subfield>
    <subfield code="c">TR</subfield>
    <subfield code="d">2013-03-22</subfield>
    <subfield code="l">1</subfield>
    <subfield code="o">BF 637 .H572 1988 vol.22</subfield>
    <subfield code="p">0446</subfield>
    <subfield code="r">2014-11-17 00:00:00</subfield>
    <subfield code="s">2014-11-17</subfield>
    <subfield code="t">1</subfield>
    <subfield code="w">2013-10-03</subfield>
    <subfield code="y">BK</subfield>
  </datafield>
</record>
